| 000 | 01080cam a2200301 a 4500 | ||
|---|---|---|---|
| 999 |
_c41662 _d41662 |
||
| 001 | 12133210 | ||
| 003 | OSt | ||
| 005 | 20221031144744.0 | ||
| 008 | 000805s2000 mau b 001 0 eng | ||
| 010 | _a 00699590 | ||
| 020 | _a9788131702215 | ||
| 020 | _a0201704331 | ||
| 040 |
_aDLC _cDLC _dDLC |
||
| 050 | 0 | 0 |
_aQA76.73.J38 _bA76 2000 |
| 082 | 0 | 0 |
_a005.133 _221 _bARN/J |
| 100 | 1 |
_aArnold, Ken, _d1958- _99191 |
|
| 245 | 1 | 4 |
_aThe Java programming language / _cKen Arnold, James Gosling, David Holmes. |
| 250 | _a3rd ed. | ||
| 260 |
_aBoston : _bAddison-Wesley, _cc2000. |
||
| 300 |
_axxiv, 595 p. ; _c24 cm. |
||
| 440 | 4 | _aThe Java series | |
| 504 | _aIncludes bibliographical references (p. 563-567) and index. | ||
| 650 | 0 | _aJava (Computer program language) | |
| 700 | 1 |
_aGosling, James, _d1955- |
|
| 906 |
_a7 _bcbc _corigcop _d2 _encip _f20 _gy-gencatlg |
||
| 942 |
_2ddc _cBK _h005.133 _iARN/J _k005.133 _mARN/J |
||